| 000 | 00747nam a2200265Ia 4500 | ||
|---|---|---|---|
| 003 | OSt | ||
| 005 | 20220918173828.0 | ||
| 006 | a|||||r|||| 00| 0 | ||
| 007 | ta | ||
| 008 | 220917b |||||||| |||| 00| 0 eng d | ||
| 024 | _a8,557 | ||
| 037 | _cTextual | ||
| 040 |
_aARTS _cARTS _beng |
||
| 041 |
_2eng _aeng |
||
| 082 | _aD65,8(2:55), M3 (2) | ||
| 100 |
_aCarter Ruth C. _947703 |
||
| 245 | 0 | _aData conversion | |
| 260 |
_aNew York _bKnowledge Industry Pub _c1983 |
||
| 300 |
_a169p _ccm. |
||
| 490 | _aProfessional librarian series , 1983 | ||
| 650 |
_aENGINEERING _92968 |
||
| 700 |
_a Bruntjen Scott _947704 |
||
| 942 |
_hD65,8(2:55), M3 (2) _cTEXL _2CC |
||
| 999 |
_c150315 _d150315 |
||